Tous les buteurs en Equipe de France (2000-) - Statistiques

Statistiques générales
  • Ce quiz a été pris 858 fois
  • Le résultat moyen est 44 sur 88
Statistiques - réponses
Date buts Joueur % Correct
2011- 39 Olivier Giroud
99%
1997-2010 51 Thierry Henry
99%
2014- 30 Antoine Griezmann
97%
1994-2006 31 Zinédine Zidane
97%
2007-2015 27 Karim Benzema
94%
2017- 13 Kylian Mbappé
94%
2013- 10 Paul Pogba
90%
1998-2008 34 David Trezeguet
89%
2013- 5 Raphaël Varane
86%
2006-2014 16 Franck Ribéry
85%
2016- 1 N'Golo Kanté
82%
2016- 2 Ousmane Dembelé
81%
1994-2008 2 Lilian Thuram
79%
2016- 4 Samuel Umtiti
79%
2017 1 Benjamin Pavard
78%
2010- 9 Blaise Matuidi
78%
1989-2000 16 Laurent Blanc
76%
1997-2009 6 Patrick Vieira
71%
1993-2002 28 Youri Djorkaeff
71%
1990-2003 6 Emmanuel Petit
70%
2015- 4 Kingsley Coman
70%
1989-2000 4 Didier Deschamps
69%
2007-2013 5 Samir Nasri
68%
1999-2006 26 Sylvain Wiltord
68%
2010-2015 8 Mathieu Valbuena
67%
1998-2010 14 Nicolas Anelka
67%
2013- 3 Alexandre Lacazette
65%
1992-2004 2 Bixente Lizarazu
65%
1996-2004 3 Marcel Desailly
64%
2010- 8 Dimitri Payet
62%
1996-2004 14 Robert Pirès
62%
2004-2010 9 Florent Malouda
61%
2015- 2 Nabil Fekir
61%
2008-2013 4 Yoann Gourcuff
60%
2007-2015 2 Hatem Ben Arfa
59%
2012-2017 1 Christophe Jallet
58%
2017- 1 Florian Thauvin
58%
1994-2002 8 Christophe Dugarry
57%
2010- 1 Adil Rami
55%
2010-2016 4 Yohan Cabaye
55%
2009- 2 Moussa Sissoko
54%
2015- 1 Anthony Martial
53%
2018- 2 Wissam Ben Yedder
53%
2010- 2 Mamadou Sakho
52%
2017- 1 Corentin Tolisso
51%
2011-2018 1 Laurent Koscielny
51%
2002-2009 9 Djibril Cissé
49%
2002-2010 10 Sidnei Govou
48%
2008-2013 3 Bafétimbi Gomis
47%
2002-2010 5 William Gallas
47%
2010-2013 2 Jéremy Ménez
46%
2016- 4 Thomas Lemar
46%
2002-2012 1 Philippe Mexès
45%
2011-2012 2 Marvin Martin
44%
1995-2002 4 Franck Lebœuf
43%
2007-2012 1 Abou Diaby
42%
1992-2002 1 Christian Karembeu
39%
2010- 3 Kévin Gameiro
39%
2009-2014 7 Loïc Rémy
39%
2011-2015 2 Mathieu Debuchy
39%
2016- 1 Djibril Sidibé
38%
2003-2007 1 Jérôme Rothen
34%
2004-2012 4 Louis Saha
29%
2000-2005 3 Ludovic Giuly
28%
2003-2012 1 Anthony Réveillère
27%
2014- 1 Layvin Kurzawa
27%
2019- 1 Clément Lenglet
26%
1996-2002 2 Vicent Candela
26%
1999-2004 1 Johan Micoud
25%
2003-2009 1 Jean-Alain Boumsong
22%
1997-2002 2 Alain Boghossian
21%
2015- 1 Kurt Zouma
20%
2001-2002 5 Eric Carrière
19%
2006-2006 1 Julien Faubert
19%
1999-2006 1 Vikash Dhorasoo
19%
2019- 1 Jonathan Ikoné
16%
2012-2013 1 Etienne Capoue
15%
2004-2009 1 Peguy Luyindula
14%
2000-2004 6 Steve Marlet
14%
2001-2006 2 Mikaël Silvestre
13%
1998-2000 1 Tony Vairelles
13%
2001-2004 1 Olivier Dacourt
12%
2011-2011 1 Younès Kaboul
12%
1996-2001 1 Sabri Lamouchi
11%
2009-2016 7 André-Pierre Gignac
10%
2002-2004 3 Olivier Kapo
10%
1999-2001 1 Laurent Robert
9%
2010-2012 1 Yann M'Villa
7%
Aucun quiz correspondant
Distribution des résultats
% des personnes avec chaque résultat
Percentile par nombre de réponses
Votre historique - résultats
Vous n’avez pas pris ce quiz